000 00339nam a22001457a 4500
999 _c257993
_d257992
003 OSt
005 20191108110832.0
008 191108b xxu||||| |||| 00| 0 eng d
020 _a9788183284981
040 _cN/A
100 _aBibek Debroy et al
245 _aIndia@70 Modi@3.5
260 _aIndia
_bWisdom Tree
_c2017
942 _2lcc
_cBK